Sifat 20 : Panduan lengkap menuju akidah yang benar

Bibliographic Details
Main Author: Nor 'Arifah Sabhan
Format: Book
Published: Kuala Lumpur : Jasmin Enterprise , 2005
Subjects:

MARC

LEADER 00000cam a2200000 7i4500
001 0000013722
005 20080125.0
008 250108
020 |a 9832087686 
090 0 0 |a 297.2112   |b SIF 
100 0 |a Nor 'Arifah Sabhan 
245 1 0 |a Sifat 20 :   |b Panduan lengkap menuju akidah yang benar   |c Nor 'Arifah Sabhan 
260 |a Kuala Lumpur :   |b Jasmin Enterprise ,   |c 2005 
650 0 |a God   |x Islam 
650 0 |a Islam   |x Attributes of God 
700 1 |a Nor 'Arifah Sabhan 
999 |a 0001008349   |b Book   |c Adult Collection   |e Perbadanan Perpustakaan Awam Johor